Statistics for Movies General Knowledge #4

Click here to take the quiz!

General Stats

  • This quiz has been taken 21,628 times
  • The average score is 12 of 20

Answer Stats

QuestionAnswer% Correct
What movie series consists of Identity, Supremacy, Ultimatum, and Legacy?Bourne
86%
What movie franchise has been set in L.A., Miami, Tokyo, Rio, London,
Abu Dhabi, and Havana?
The Fast and the Furious
79%
What supernatural movie had a sexy pottery scene?Ghost
76%
What movie featured the song "You've Got a Friend in Me"?Toy Story
76%
Who has starred opposite Tom Hanks in three different romantic comedies?Meg Ryan
75%
What famous actress is the daughter of Jon Voight?Angelina Jolie
71%
What movie was about an archer girl with lots of curly red hair?Brave
70%
What actor starred in "Batman" and "Birdman"?Michael Keaton
69%
Who was Jessica Rabbit's husband?Roger Rabbit
68%
Who is the famous brother of Emilio Estevez?Charlie Sheen
64%
What activity is the subject of the movie "Bring it On"?Cheerleading
63%
What movie featured a cute Mogwai that looked like a Furby?Gremlins
62%
Who wrote the score to "Star Wars", "Raiders of the Lost Ark", and "Jurassic Park"?John Williams
55%
What movie featured Misters White, Orange, Blonde, Pink, Blue and Brown?Reservoir Dogs
52%
What type of animal was Turbo?Snail
52%
What movie was about surfers who robbed banks wearing U.S. President masks?Point Break
45%
What 2013 Martin Scorsese film set a record for the most F-bombs
dropped in a mainstream movie?
The Wolf of Wall Street
38%
What city was the destination of Harry and Lloyd in the movie "Dumb and Dumber"?Aspen
36%
Who dated Ellen Degeneres from 1997-2000?Anne Heche
21%
In what John Candy movie did the U.S. invade Canada?Canadian Bacon
18%

Score Distribution

Percentile by Number Answered

Percent of People with Each Score

Your Score History

You have not taken this quiz